000 00489nam a2200181Ia 4500
005 20260429112202.0
008 260429s9999||||xx |||||||||||||| ||und||
020 _a9783031865312
041 _aEnglish
082 _a515.352
_bELI
100 _aElias, Uri
245 0 _aFundamentals of ordinary differential equations /
_cUri Elias
250 _a1st ed.
260 _aSwitzerland :
_bSpringer,
_c2025.
300 _aviii, 315 p.; hb
650 _aDifferential equations
942 _cTB
999 _c52787
_d52787